European economic review

Saved in:
Bibliographic Details
Format: Serial
Language:English
Published: Amsterdam Elsevier Science 2013
Subjects:
Tags: Add Tag
No Tags, Be the first to tag this record!

MARC

LEADER 00000nas2a2200000 4500
001 0240894
005 20180306095555.6
022 |a 0014-2921 
041 0 |a eng 
044 |a NL 
245 1 0 |a European economic review 
264 1 |a Amsterdam  |b Elsevier Science  |c 2013 
773 0 |w eu_un_cat*s120677 
610 2 0 |a veda ekonomická 
610 2 0 |a teórie ekonomické